000 01994cam a22005174i 4500
003 PE-LiUPU
005 20250731165559.0
008 150625s2003 ag a rb 000 0 spa d
020 _a9508021497
035 _a(Sirsi) i9789508021496
040 _aPE-LiUPU
_bspa
_cPE-LiUPU
_erda
049 _aPRUA
082 0 4 _a001.43
_bM42
_221
100 1 _aMendicoa, Gloria Edel,
_eautor.
245 1 0 _aSobre tesis y tesistas :
_blecciones de enseñanza - aprendizaje /
_cGloria Edel Mendicoa.
264 1 _aBuenos Aires :
_bEspacio,
_c2003.
300 _a220 páginas :
_bilustraciones ;
_c23 centímetros.
336 _atext
_2rdacontent
337 _aunmediated
_2rdamedia
338 _avolume
_2rdacarrier
490 0 _aColección Ciencias sociales. Novedades.
504 _aIncluye referencias bibliográficas.
505 0 _aLa tesis como una investigación -- Los puntos de partida para investigar -- La preparación del Marco Téorico -- El enforue metodológico de la Tesis -- La elaboración de la Tesis -- Plan operación -- El estudio del problema in situ -- El trabajo con los datos -- Redacción.
526 _aSEG44
526 _aSEG26
526 _aP151
526 _aP150
526 _aP149
526 _aP146
526 _aP145
526 _aP126
526 _aP125
526 _aP92
526 _aP75
526 _aP74
526 _aP27
526 _aP15
541 _g0003233;
650 0 4 _aInvestigación.
650 0 4 _aTesis y dusertaciones académicas
_xElaboración.
942 _2ddc
_cBOOK
949 _a001.43 M42
_wDEWEY
_c1
_i56327
_lCCODEBUL1
_mBUL
_p11.00
_r0
_sY
_tBOOK
_u2015-6-25
_xSALUD
_PP33
_0COMPRA
_o.STAFF. Colección General
994 _aC0
_bPEPRU
596 _a1
999 _a001.43 M42
_wDEWEY
_c45579
_i56327
_d45579
_e2019-4-12
_f2021-11-4
_g6
_lCCODEBUL1
_mBUL
_n2
_p11.00
_r0
_sY
_tBOOK
_u2015-6-25
_xBIBLIOTECA
_PP33
_0COMPRA
_o.STAFF. Colección Ciencias de la Salud
980 _81
_gALBERTO SANCHEZ Responsable de Automatización